<?xml version="1.0" encoding="UTF-8"?>
<record
    xmlns:xsi="http://www.w3.org/2001/XMLSchema-instance"
    xsi:schemaLocation="http://www.loc.gov/MARC21/slim http://www.loc.gov/standards/marcxml/schema/MARC21slim.xsd"
    xmlns="http://www.loc.gov/MARC21/slim">

  <leader>01310nam a22001817a 4500</leader>
  <controlfield tag="008">120127t        xxu||||| |||| 00| 0 eng d</controlfield>
  <datafield tag="020" ind1=" " ind2=" ">
    <subfield code="a">0195206568 9780195206562 </subfield>
  </datafield>
  <datafield tag="050" ind1=" " ind2=" ">
    <subfield code="a">HC59.7.O59</subfield>
  </datafield>
  <datafield tag="100" ind1=" " ind2=" ">
    <subfield code="a">Dornbusch, Rudiger.</subfield>
  </datafield>
  <datafield tag="245" ind1=" " ind2=" ">
    <subfield code="a">The open economy : tools for policymakers in developing countries /</subfield>
    <subfield code="c">Rudiger, Dornbusch.</subfield>
  </datafield>
  <datafield tag="260" ind1=" " ind2=" ">
    <subfield code="a">New York :</subfield>
    <subfield code="b"> Published for the World Bank, Oxford University Press,</subfield>
    <subfield code="c">1988.</subfield>
  </datafield>
  <datafield tag="300" ind1=" " ind2=" ">
    <subfield code="a">x, 414 p. :</subfield>
    <subfield code="b"> ill. ; </subfield>
    <subfield code="c">25 cm.</subfield>
  </datafield>
  <datafield tag="500" ind1=" " ind2=" ">
    <subfield code="a">Includes index.</subfield>
  </datafield>
  <datafield tag="505" ind1=" " ind2=" ">
    <subfield code="a">Contents: Introduction -- The Real exchange rate -- Policy issues and the main policy tools -- External shocks and domestic policy responses -- Overvaluation and trade balance -- Devaluation and Inflation -- Multiple exchange rates, capital controls and commercial policy -- Exchange reserves as shock absorbers -- External borrowing and debt management -- Opening up: Liberalization with stabilization -- Policymaking and economic policy in small developing countries -- Country studies -- Brazil -- Indonesia -- Korea -- Mexico -- Includes appendix --  Sources of current data -- National accounting identities -- Real-exchange-rate indexes.</subfield>
  </datafield>
  <datafield tag="650" ind1=" " ind2=" ">
    <subfield code="a">Developing countries</subfield>
    <subfield code="x"> Economic policy</subfield>
    <subfield code="x"> Case studies. </subfield>
  </datafield>
  <datafield tag="650" ind1=" " ind2=" ">
    <subfield code="a">Developing countries</subfield>
    <subfield code="x">Economic development</subfield>
    <subfield code="x">Theories.</subfield>
  </datafield>
  <datafield tag="942" ind1=" " ind2=" ">
    <subfield code="2">lcc</subfield>
    <subfield code="c">BK</subfield>
  </datafield>
  <datafield tag="999" ind1=" " ind2=" ">
    <subfield code="c">519</subfield>
    <subfield code="d">8019</subfield>
  </datafield>
  <datafield tag="952" ind1=" " ind2=" ">
    <subfield code="0">0</subfield>
    <subfield code="1">0</subfield>
    <subfield code="2">lcc</subfield>
    <subfield code="4">0</subfield>
    <subfield code="7">0</subfield>
    <subfield code="a">WIUC-1</subfield>
    <subfield code="b">WIUC-1</subfield>
    <subfield code="c">GEN</subfield>
    <subfield code="d">2012-01-27</subfield>
    <subfield code="l">0</subfield>
    <subfield code="o">HC59.7.O529</subfield>
    <subfield code="p">1049/11</subfield>
    <subfield code="r">2012-01-27 00:00:00</subfield>
    <subfield code="t">1</subfield>
    <subfield code="w">2012-01-27</subfield>
    <subfield code="y">BK</subfield>
  </datafield>
</record>
